00581nam a22001817a 450000500170000001000140001702000230003103500130005403700130006708200100008010000210009024500840011126000450019527000960024030000270033650000190036370000170038220100723111725.0 aENG-96535 a8173815984c295.00 aEN-80068 bDBAD/PUB a571.6 aKar, Dipak Kumar aCell biology genetics molecular biology /cby Dipak Kumar Kar [and] Soma Halder aNew DelhibNew Central Book Agencyc2009 a4262/3, 1st Floor, Flat Nos. 105 & 106, Ansari Road, Daryaganj, New Delhi-110002bNew Delhi axiv, 483p.c25cm (pbk) aIncludes index aHalder, Soma